Statistiques concernant Harry Potter- Les Reliques de la mort (phrases du film)

Cliquez ici pour prendre le quiz!

Statistiques générales

  • Ce quiz a été pris 82 fois
  • Le résultat moyen est 11 sur 15

Statistiques - réponses

PhrasesPersonnages% Correct
La baguette choisit son sorcier, Mr. PotterGarrick Ollivander
93%
Harry parle dans son sommeil. T'a pas remarqué ?Ron Weasley
93%
Harry Potter est mort !!!Voldemort
92%
A Poudlard, une aide sera toujours apporté a ceux qui la méritentAlbus Dumbledore
90%
Vous l'avez élevée comme un porc destiné a l'abbatoirSeverus Rogue
90%
Poudlard est menacé ! Gardez le mur d'enceinte; protégez nous faites votre devoir en vers notre école !Minerva McGonagall
89%
Comment osez vous vous tenir la ou il se tenait !Harry Potter
87%
C'est évident non ? Il faut qu'on parle a quelqu'un qui est mort.Luna Lovegood
82%
Ils ne sont pas morts en vain. Mais vous oui ! Parce que vous vous trompez ! Le coeur d'Harry battait pour nous, pour nous tous ! Ce n'est pas fini !!!Neville Londubat
80%
C'est plus rapide que de s'endormirSirius Black
75%
C'est de la force des convictions que dépend la réussite pas du nombre de partisansRémus Lupin
64%
...Harry, reste sain et sauf, sois fort !Lily Potter
61%
Si vous devez demander, jamais vous ne saurez. Si vous savez, il suffit de demander.Helena Serdaigle
51%
Des frères elle en a, mais il y a qu'un seul HarrySeamus Finnigan
38%
Vous êtes un sorcier peu communGripsec
33%

Distribution des résultats

Percentile par nombre de réponses

% des personnes avec chaque résultat

Votre développement - résultats

Vous n’avez pas pris ce quiz